000 02979nam a2200289Ia 4500
003 OSt
005 20210819161030.0
008 210310t1945 mx ad fr 001 0 spa d
040 _aCO- JMCR
_cCO- JMCR
041 1 _aspa
_heng
082 0 4 _a330.1 /
_bH249p
_223
100 1 _aHansen, Alvin H.,
_917103
_eautor
245 1 0 _aPolítica fiscal y ciclo económico /
_cAlvin H. Hansen ; versión de Rafael Fernández Maza y Cristóbal Lara
250 _aPrimera edición
260 _aMéxico :
_bFondo de Cultura Económica,
_c©1945
300 _a381 páginas :
_bilustraciones y gráficas a blanco y negro ;
_c21 cm.
500 _aIncluye índice analítico y notas a pie de página. Título original: Fiscal policy and business cicles
505 0 _aExplicación de la década 1930-1939 -- El papel cambiante de la política fiscal -- Política fiscal y ocupación plena de los recursos -- Incentivos a la inversión pasado y presente -- La economía de la postguerra
520 3 _aA partir de la gran depresión de 1929, el estudio del ciclo económico adquirió un relieve que anteriormente no tenía. La reducción que sufrió el ingreso nacional de los Estados Unidos, los conflictos sociales y políticos que se originaron a consecuencia del gran número de desocupados y la disminución del comercio exterior hicieron que amenguara la confianza en las "fuerzas automáticas" que controlaban la economía. Se pusieron en vigencia medidas de política monetaria y se empezó a utilizar en forma activa la política fiscal. Se sostuvo que el gobierno, a través del manejo de sus gastos e ingresos, debía compensar las fases del ciclo, y en esa forma la política fiscal pasó a ser un instrumento efectivo para compensar los movimientos cíclicos. El problema sobresaliente de los países subdesarrollados no es el mismo que enfrentan los países industrializados, pues mientras en éstos el centro de la escena lo tiene la ocupación de sus gran des recursos productivos, en aquéllos predominan la escasez de capital y la baja productividad. Alvin H. Hansen examina la relación entre el funcionamiento de la política fiscal y la fuerza del movimiento cíclico; explica los acontecimientos ocurridos de 1930 a 1939 y el triunfo gradual de la idea de que el gobierno debía jugar un papel activo en la vida económica. Luego aborda los métodos cambiantes de la política fiscal y dedica un capítulo a la función de la deuda pública. Después trata una de las cuestiones principales de las economías desarrolladas: la política fiscal y la ocupación de los recursos, y finalmente expone los incentivos a la inversión y la economía de la posguerra.
546 _aTraducido del inglés.
650 1 4 _aCiclos de negocios
_917105
_xFinanzas
650 2 4 _aLa política fiscal
_936752
650 2 4 _aHistoria económica
_939516
700 1 _aFernández Maza, Rafael,
_etraductor
_939503
700 1 _aLara, Cristóbal,
_etraductor
_939504
942 _2ddc
_cBK
999 _c8380
_d8380